000 nam a22 7a 4500
999 _c29301
_d29301
008 171125b xxu||||| |||| 00| 0 eng d
020 _a9780194372121
050 _aP118.2 .E43 2017
100 _aEllis, Rod.
_d2017.
245 _aSecond Language Acquisition /
_cRod, Ellis
250 _a1st ed.
260 _aUK:
_bOxford,
_c2017.
300 _ax,157p.
_bincludes bibliographical references
_c20cm
650 _aLanguge and Languages
942 _2lcc
_cBOOKS
_hP 118.2 .E43 2017